Normal view MARC view

Entry Personal Name

Number of records used in: 20

001 - CONTROL NUMBER

  • control field: 158365

003 - CONTROL NUMBER IDENTIFIER

  • control field: OSt

005 - DATE AND TIME OF LATEST TRANSACTION

  • control field: 20220923211119.0

008 - FIXED-LENGTH DATA ELEMENTS

  • fixed length control field: 220923|| aca||aabn | a|a d

040 ## - CATALOGING SOURCE

  • Original cataloging agency: OSt
  • Transcribing agency: OSt

100 ## - HEADING--PERSONAL NAME

  • Personal name: आंडाल, प. प

670 ## - SOURCE DATA FOUND

  • Source citation: Work cat.: (OSt)295453: आंडाल, प. प., प्रशासनिक हिंदी प्रयोग और संभावनाएॅं, 2006
Copyright @ Delhi University Library System